Home Print Resources E-Books E-Journals IIMT Lecture Series Library Membership Form Book Recommendation Form Campus Tour Take AdmissionAbout Us Contact Us

UTTAR PRADESH LOCAL LAWS (Record no. 66674)

000 -LEADER
fixed length control field 00307nam a22001337a 4500
008 - FIXED-LENGTH DATA ELEMENTS--GENERAL INFORMATION
fixed length control field 251025b |||||||| |||| 00| 0 eng d
040 ## - CATALOGING SOURCE
Original cataloging agency IIMT University College of Law
100 ## - MAIN ENTRY--PERSONAL NAME
Personal name BARE ACT
245 ## - TITLE STATEMENT
Title UTTAR PRADESH LOCAL LAWS
260 ## - PUBLICATION, DISTRIBUTION, ETC. (IMPRINT)
Place of publication, distribution, etc VNIVERSAL LAW PUB
300 ## - PHYSICAL DESCRIPTION
Pages 583
650 ## - Subject
Subject UTTAR PRADESH LOCAL LAWS
942 ## - ADDED ENTRY ELEMENTS (KOHA)
Koha item type Book Bank
952 ## - LOCATION AND ITEM INFORMATION (KOHA)
-- 2025-10-25
952 ## - LOCATION AND ITEM INFORMATION (KOHA)
-- 2025-10-25
952 ## - LOCATION AND ITEM INFORMATION (KOHA)
-- 2025-10-25
952 ## - LOCATION AND ITEM INFORMATION (KOHA)
-- 2025-10-25
952 ## - LOCATION AND ITEM INFORMATION (KOHA)
-- 2025-10-25
952 ## - LOCATION AND ITEM INFORMATION (KOHA)
-- 2025-10-25
952 ## - LOCATION AND ITEM INFORMATION (KOHA)
-- 2025-10-25
952 ## - LOCATION AND ITEM INFORMATION (KOHA)
-- 2025-10-25
952 ## - LOCATION AND ITEM INFORMATION (KOHA)
-- 2025-10-25
952 ## - LOCATION AND ITEM INFORMATION (KOHA)
-- 2025-10-25
952 ## - LOCATION AND ITEM INFORMATION (KOHA)
-- 2025-10-25
952 ## - LOCATION AND ITEM INFORMATION (KOHA)
-- 2025-10-25
952 ## - LOCATION AND ITEM INFORMATION (KOHA)
-- 2025-10-25
952 ## - LOCATION AND ITEM INFORMATION (KOHA)
-- 2025-10-25
952 ## - LOCATION AND ITEM INFORMATION (KOHA)
-- 2025-10-25
952 ## - LOCATION AND ITEM INFORMATION (KOHA)
-- 2025-10-25
952 ## - LOCATION AND ITEM INFORMATION (KOHA)
-- 2025-10-25
952 ## - LOCATION AND ITEM INFORMATION (KOHA)
-- 2025-10-25
952 ## - LOCATION AND ITEM INFORMATION (KOHA)
-- 2025-10-25
952 ## - LOCATION AND ITEM INFORMATION (KOHA)
-- 2025-10-25
952 ## - LOCATION AND ITEM INFORMATION (KOHA)
-- 2025-10-25
952 ## - LOCATION AND ITEM INFORMATION (KOHA)
-- 2025-10-25
952 ## - LOCATION AND ITEM INFORMATION (KOHA)
-- 2025-10-25
952 ## - LOCATION AND ITEM INFORMATION (KOHA)
-- 2025-10-25
952 ## - LOCATION AND ITEM INFORMATION (KOHA)
-- 2025-10-25
952 ## - LOCATION AND ITEM INFORMATION (KOHA)
-- 2025-10-25
952 ## - LOCATION AND ITEM INFORMATION (KOHA)
-- 2025-10-25
952 ## - LOCATION AND ITEM INFORMATION (KOHA)
-- 2025-10-25
952 ## - LOCATION AND ITEM INFORMATION (KOHA)
-- 2025-10-25
952 ## - LOCATION AND ITEM INFORMATION (KOHA)
-- 2025-10-25
952 ## - LOCATION AND ITEM INFORMATION (KOHA)
-- 2025-10-25
952 ## - LOCATION AND ITEM INFORMATION (KOHA)
-- 2025-10-25
952 ## - LOCATION AND ITEM INFORMATION (KOHA)
-- 2025-10-25
952 ## - LOCATION AND ITEM INFORMATION (KOHA)
-- 2025-11-04
-- 2025-10-25
952 ## - LOCATION AND ITEM INFORMATION (KOHA)
-- 2025-10-25
952 ## - LOCATION AND ITEM INFORMATION (KOHA)
-- 2025-10-25
952 ## - LOCATION AND ITEM INFORMATION (KOHA)
-- 2025-10-25
952 ## - LOCATION AND ITEM INFORMATION (KOHA)
-- 2025-10-25
952 ## - LOCATION AND ITEM INFORMATION (KOHA)
-- 2025-10-25
952 ## - LOCATION AND ITEM INFORMATION (KOHA)
-- 2025-10-25
Holdings
Withdrawn status Lost status Source of classification or shelving scheme Damaged status Not for loan Location (home branch) Sublocation or collection (holding branch) Date acquired Source of Acquisition Cost Normal purchase price Koha issues (times borrowed) Accession No. Koha date last seen Koha item type
          IIMT University College of Law IIMT University College of Law 10/25/2025 R LALL BOOK 900.00   04-B-12808 10/25/2025 Book Bank
          IIMT University College of Law IIMT University College of Law 10/25/2025 R LALL BOOK 900.00   04-B-12809 10/25/2025 Book Bank
          IIMT University College of Law IIMT University College of Law 10/25/2025 R LALL BOOK 900.00   04-B-12810 10/25/2025 Book Bank
          IIMT University College of Law IIMT University College of Law 10/25/2025 R LALL BOOK 900.00   04-B-12811 10/25/2025 Book Bank
          IIMT University College of Law IIMT University College of Law 10/25/2025 R LALL BOOK 900.00   04-B-12812 10/25/2025 Book Bank
          IIMT University College of Law IIMT University College of Law 10/25/2025 R LALL BOOK 900.00   04-B-12813 10/25/2025 Book Bank
          IIMT University College of Law IIMT University College of Law 10/25/2025 R LALL BOOK 900.00   04-B-12814 10/25/2025 Book Bank
          IIMT University College of Law IIMT University College of Law 10/25/2025 R LALL BOOK 900.00   04-B-12815 10/25/2025 Book Bank
          IIMT University College of Law IIMT University College of Law 10/25/2025 R LALL BOOK 900.00   04-B-12816 10/25/2025 Book Bank
          IIMT University College of Law IIMT University College of Law 10/25/2025 R LALL BOOK 900.00   04-B-12817 10/25/2025 Book Bank
          IIMT University College of Law IIMT University College of Law 10/25/2025 R LALL BOOK 900.00   04-B-12818 10/25/2025 Book Bank
          IIMT University College of Law IIMT University College of Law 10/25/2025 R LALL BOOK 900.00   04-B-12819 10/25/2025 Book Bank
          IIMT University College of Law IIMT University College of Law 10/25/2025 R LALL BOOK 900.00   04-B-12820 10/25/2025 Book Bank
          IIMT University College of Law IIMT University College of Law 10/25/2025 R LALL BOOK 900.00   04-B-12821 10/25/2025 Book Bank
          IIMT University College of Law IIMT University College of Law 10/25/2025 R LALL BOOK 900.00   04-B-12822 10/25/2025 Book Bank
          IIMT University College of Law IIMT University College of Law 10/25/2025 R LALL BOOK 900.00   04-B-12823 10/25/2025 Book Bank
          IIMT University College of Law IIMT University College of Law 10/25/2025 R LALL BOOK 900.00   04-B-12824 10/25/2025 Book Bank
          IIMT University College of Law IIMT University College of Law 10/25/2025 R LALL BOOK 900.00   04-B-12825 10/25/2025 Book Bank
          IIMT University College of Law IIMT University College of Law 10/25/2025 R LALL BOOK 900.00   04-B-12826 10/25/2025 Book Bank
          IIMT University College of Law IIMT University College of Law 10/25/2025 R LALL BOOK 900.00   04-B-12827 10/25/2025 Book Bank
          IIMT University College of Law IIMT University College of Law 10/25/2025 R LALL BOOK 900.00   04-B-12828 10/25/2025 Book Bank
          IIMT University College of Law IIMT University College of Law 10/25/2025 R LALL BOOK 900.00   04-B-12829 10/25/2025 Book Bank
          IIMT University College of Law IIMT University College of Law 10/25/2025 R LALL BOOK 900.00   04-B-12830 10/25/2025 Book Bank
          IIMT University College of Law IIMT University College of Law 10/25/2025 R LALL BOOK 900.00   04-B-12831 10/25/2025 Book Bank
          IIMT University College of Law IIMT University College of Law 10/25/2025 R LALL BOOK 900.00   04-B-12832 10/25/2025 Book Bank
          IIMT University College of Law IIMT University College of Law 10/25/2025 R LALL BOOK 900.00   04-B-12833 10/25/2025 Book Bank
          IIMT University College of Law IIMT University College of Law 10/25/2025 R LALL BOOK 900.00   04-B-12834 10/25/2025 Book Bank
          IIMT University College of Law IIMT University College of Law 10/25/2025 R LALL BOOK 900.00   04-B-12835 10/25/2025 Book Bank
          IIMT University College of Law IIMT University College of Law 10/25/2025 R LALL BOOK 900.00   04-B-12836 10/25/2025 Book Bank
          IIMT University College of Law IIMT University College of Law 10/25/2025 R LALL BOOK 900.00   04-B-12837 10/25/2025 Book Bank
          IIMT University College of Law IIMT University College of Law 10/25/2025 R LALL BOOK 900.00   04-B-12838 10/25/2025 Book Bank
          IIMT University College of Law IIMT University College of Law 10/25/2025 R LALL BOOK 900.00   04-B-12839 10/25/2025 Book Bank
          IIMT University College of Law IIMT University College of Law 10/25/2025 R LALL BOOK 900.00   04-B-12840 10/25/2025 Book Bank
          IIMT University College of Law IIMT University College of Law 10/25/2025 R LALL BOOK 900.00 1 04-B-12841 02/02/2026 Book Bank
          IIMT University College of Law IIMT University College of Law 10/25/2025 R LALL BOOK 900.00   04-B-12842 10/25/2025 Book Bank
          IIMT University College of Law IIMT University College of Law 10/25/2025 R LALL BOOK 900.00   04-B-12843 10/25/2025 Book Bank
          IIMT University College of Law IIMT University College of Law 10/25/2025 R LALL BOOK 900.00   04-B-12844 10/25/2025 Book Bank
          IIMT University College of Law IIMT University College of Law 10/25/2025 R LALL BOOK 900.00   04-B-12845 10/25/2025 Book Bank
          IIMT University College of Law IIMT University College of Law 10/25/2025 R LALL BOOK 900.00   04-B-12846 10/25/2025 Book Bank
          IIMT University College of Law IIMT University College of Law 10/25/2025 R LALL BOOK 900.00   04-B-12847 10/25/2025 Book Bank
IIMT, Central Library. All Rights Reserved IIMT,UNIVERSITY © 2023
Implemented and Customised by I CLOUDE EMS
You Are OPAC Visitor No
free web counter

Powered by Koha